El regimen contable y los contadores publicos / (Registro nro. 49339)
[ vista simple ]
| 000 -LEADER | |
|---|---|
| fixed length control field | 02115nam a2200277 4500 |
| 001 - CONTROL NUMBER | |
| control field | 0000020367 |
| 003 - CONTROL NUMBER IDENTIFIER | |
| control field | CO-CtgCURN |
| 005 - DATE AND TIME OF LATEST TRANSACTION | |
| control field | 20250730205956.0 |
| 008 - FIXED-LENGTH DATA ELEMENTS--GENERAL INFORMATION | |
| fixed length control field | 160627s2004 000 0 eng d |
| 020 ## - INTERNATIONAL STANDARD BOOK NUMBER | |
| International Standard Book Number | 9586906434 |
| 040 ## - CATALOGING SOURCE | |
| Original cataloging agency | CO-CtgCURN |
| Language of cataloging | spa |
| Transcribing agency | coctgcurn |
| 082 0# - DEWEY DECIMAL CLASSIFICATION NUMBER | |
| Classification number | 657.6 |
| Item number | G65r |
| 100 1# - MAIN ENTRY--PERSONAL NAME | |
| Personal name | Gómez Sierra, Francisco. |
| 245 10 - TITLE STATEMENT | |
| Title | El regimen contable y los contadores publicos / |
| Statement of responsibility, etc. | Francisco Gómez Sierra. |
| 250 ## - EDITION STATEMENT | |
| Edition statement | 3a ed. |
| 260 ## - PUBLICATION, DISTRIBUTION, ETC. | |
| Place of publication, distribution, etc. | Bogotá : |
| Name of publisher, distributor, etc. | Leyer, |
| Date of publication, distribution, etc. | 2004. |
| 300 ## - PHYSICAL DESCRIPTION | |
| Extent | 375 p. |
| 336 ## - CONTENT TYPE | |
| Source | rdacontent |
| 337 ## - MEDIA TYPE | |
| Source | rdamedia |
| Media type term | sin mediacion |
| Media type code | n |
| 338 ## - CARRIER TYPE | |
| Source | rdacarrier |
| Carrier type term | volumen |
| Carrier type code | nc |
| 505 8# - FORMATTED CONTENTS NOTE | |
| Formatted contents note | Libros y papeles del comerciante.--Reserva y exhibicion de libros de comercio.--Eficacia probatoria de los libros y papeles de comercio.--El regimen contable.--Decreto 2649 de 1993.--De los principios de contabilidad generales de la informacion contable.--Normas basicas.--De los estados financieros y sus elementos.--De los elementos de los estados financieros.--De las normas tecnicas generales.--Normas tecnicas especificas.--Normas sobre los pasivos.--Normas sobre el patrimonio.--Normas sobre las cuentas de resultados.--Operaciones descontinuas y empresas en liquidacion.--Normas tecnicas sobre revelaciones.--De las normas sobre registro y libros.--Disposiciones finales. decreto 2650 de 1993.--Catalogo de cuentas.--Descripcion y dinamicas.--Regimen juridico de los contadores publicas.--Ley 43 de 1990.--De la profesion del contador publico.--Del ejercicio de la profesion.--De la vigilancia y dirección de la profesion.--Junta central de contadores.--Del consejo tecnico de la contaduria publica.--Código de etica profesional.--De las relaciones del contador publico con los usuarios de sus servicios.--De la publicidad. relaciones del empleador publico con sus colegas.--El secreto profesional o confidencial.--De las relaciones del contador publico con la sociedad y el estado |
| 650 #0 - SUBJECT ADDED ENTRY--TOPICAL TERM | |
| Topical term or geographic name entry element | Comerciantes |
| Form subdivision | Legislacion |
| Geographic subdivision | Colombia. |
| 908 ## - PUT COMMAND PARAMETER (RLIN) | |
| Put command parameter | 160627 |
| 942 ## - ADDED ENTRY ELEMENTS (KOHA) | |
| Koha item type | Libros |
| Classification part | 657.6 |
| Item part | G65r |
| Source of classification or shelving scheme | Dewey Decimal Classification |
| 999 ## - SYSTEM CONTROL NUMBERS (KOHA) | |
| -- | 1 |
| Withdrawn status | Lost status | Source of classification or shelving scheme | Damaged status | Not for loan | Home library | Current library | Shelving location | Date acquired | Total checkouts | Full call number | Barcode | Date last seen | Price effective from | Koha item type |
|---|---|---|---|---|---|---|---|---|---|---|---|---|---|---|
| Dewey Decimal Classification | Miguel Henríquez Castañeda | Miguel Henríquez Castañeda | General | 03/04/2019 | 657.6 G65r | 010860 | 03/04/2019 | 03/04/2019 | Libros |